00959nam a2200241 a 450000100100000000500170001000800410002702000150006804000250008304100380010808200150014610000290016124000430019024501150023326000440034830000260039250000500041853400720046870000320054004900090057295201190058199900170070000002580020200930024047.0110222s1984 txu r 000 0 spa d a0311460984 aDO-SdBNPbspacBNPHU17aspaheng2Código de idioma MARC aNNNbA921d1 aAugsburger, David95261010aCaring enough to confront.lEspañol.10aDiferencias personales? :benfrentelas con amor! /cDavid Augsburger ; versión castellana de Alfonso Olmedo. aEl Paso, Texas :bMundo Hispano,c1984. a151, [8] p. ;c18 cm. aIncluye referencias bibliográficas (p. 153) atítulo original en inglés confront.tCaring enough to confront.1 aOlmedo, Alfonsoetr.949465 aBNGR 001054708MOaGRbGRcCTd2011-02-22iLF1l0oNNN A921dp25800-10r2020-06-25w2020-06-25y4ZPréstamo en sala c25292d25292